The gender gap, fertility, and growth (Registro nro. 28026)

Detalles MARC
000 -LEADER
fixed length control field 00357 a2200121 4500
001 - CONTROL NUMBER
control field ART_23915
005 - DATE AND TIME OF LATEST TRANSACTION
control field 20260410161924.0
008 - FIXED-LENGTH DATA ELEMENTS--GENERAL INFORMATION
fixed length control field 260409a
100 1# - MAIN ENTRY--PERSONAL NAME
Personal name Weil, David N.
245 10 - TITLE STATEMENT
Title The gender gap, fertility, and growth
700 1# - ADDED ENTRY--PERSONAL NAME
Personal name Galor, Oded
773 0# - HOST ITEM ENTRY
Title The American Economic Review
Related parts - Vol. 86, Nº 3 (jun. 1996)
Record control number REV16190

No hay ítems disponibles.